Phrasal Verbs in English diplomová práca

Salvato in:
Dettagli Bibliografici
Autore principale: Sehnalová, Pavlína
Ente Autore: Fakulta aplikovaných jazykov EU v Bratislave. Katedra jazykovedy a translatológie
Altri autori: Breveníková, Daniela
Natura: Libro
Lingua:inglese
Pubblicazione: Bratislava 2016
Tags: Aggiungi Tag
Nessun Tag, puoi essere il primo ad aggiungerne!!

MARC

LEADER 00000nbm a2200000 4500
001 0217457
005 20170306152527.0
041 0 |a eng 
044 |a SK 
245 1 0 |a Phrasal Verbs in English  |b diplomová práca  |c Pavlína Sehnalová ; školiteľ: Daniela Breveníková 
264 1 |a Bratislava  |c 2016 
300 |a 87 s. 
100 1 |a Sehnalová, Pavlína 
700 1 |a Breveníková, Daniela 
710 2 |a Fakulta aplikovaných jazykov EU v Bratislave. Katedra jazykovedy a translatológie